000 00915nam0a22002771 4500
001 rc\4552367
005 20250612114816.0
021 _aRU
_b[57-48922]
035 _a(NLR Aleph) 008642204
090 _a8949330
_c8949330
100 _a20130416d1957 |||y0rusy50 ca
101 0 _arus
102 _aRU
105 _aa z |||||
200 1 _aИспользование зерна на мельницах
_e(Научные основы)
210 _aМосква
_cХлебоиздат
_d1957
215 _a188 с., 1 л. диагр.
_cграф.
_d23
320 _aБиблиогр.: с. 184-186
606 _aЗерно
_xПомол
_2psbo
606 _aМельницы (мукомол.)
_xЭксплуатация
_2psbo
700 1 _aЛевятин
_bГ.М.
_gГригорий Моисеевич
801 0 _aRU
_bNLR
_gpsbo
801 1 _aRU
_bELAR
_2rusmarc
852 _aNLR
_j57-5/3413
942 _cBOOK
980 _aNB